[Event "Online Olym Div3 E"]
[Site "Chess.com INT"]
[Date "2021.08.27"]
[Round "3.4"]
[White "Mentile, Lishen"]
[Black "Barria Baker, Raisa Melissa"]
[Result "0-1"]
[WhiteElo "1522"]
[BlackElo "1955"]
[PlyCount "64"]
[EventDate "2021.08.27"]
[EventType "team-tourn (rapid)"]
[EventRounds "9"]
[EventCountry "USA"]
[SourceTitle "CBM 204 Extra"]
[Source "ChessBase"]
[SourceDate "2021.11.30"]
[SourceVersion "1"]
[SourceVersionDate "2021.11.30"]
[SourceQuality "1"]
[WhiteTeam "Namibia"]
[BlackTeam "Panama"]
[WhiteTeamCountry "NAM"]
[BlackTeamCountry "PAN"]

1. e4 c5 2. Nf3 Nc6 3. d4 cxd4 4. Nxd4 d6 5. Nc3 Nf6 6. Bc4 g6 7. Be3 Bg7 8. Rb1 Bd7 9. h3 Rc8 10. Bb3 0-0 11. 0-0 Na5 12. Re1 Nxb3 13. cxb3 a6 14. Qd2 Re8 15. Bh6 Qa5 16. Bxg7 Kxg7 17. Qe3 Rc7 18. Rec1 Rec8 19. a4 Qb4 20. e5 dxe5 21. Qxe5 Rc5 22. Qxe7 Qxd4 23. Rd1 Qe5 24. Qxe5 Rxe5 25. f4 Rec5 26. g4 Be6 27. g5 Nh5 28. Ne4 Rc2 29. Nd6 Bxh3 30. Nxc8 Rg2+ 31. Kf1 Ng3+ 32. Ke1 Re2# 0-1

[Event "Online Olym Div3 E"]
[Site "Chess.com INT"]
[Date "2020.08.09"]
[Round "7.3"]
[White "Castillo Morales, Thais"]
[Black "Barria Baker, Raisa Melissa"]
[Result "1/2-1/2"]
[WhiteElo "1846"]
[BlackElo "1955"]
[PlyCount "68"]
[EventDate "2020.08.07"]
[EventType "team-tourn (rapid)"]
[EventRounds "9"]
[EventCountry "USA"]
[SourceTitle "CBM 198"]
[Source "ChessBase"]
[SourceDate "2020.10.31"]
[SourceVersion "1"]
[SourceVersionDate "2020.10.31"]
[SourceQuality "1"]
[WhiteTeam "Costa Rica"]
[BlackTeam "Panama"]
[WhiteTeamCountry "CRI"]
[BlackTeamCountry "PAN"]

1. c4 c6 2. g3 d5 3. Bg2 Nf6 4. Nf3 e6 5. 0-0 Be7 6. b3 0-0 7. Bb2 Nbd7 8. e3 b5 9. Nd4 Qb6 10. cxb5 cxb5 11. Nc3 a6 12. Rc1 Bb7 13. a4 b4 14. Nce2 Nc5 15. d3 Rac8 16. Nf3 a5 17. d4 Nce4 18. Nd2 Nd6 19. Nf4 Ba6 20. Re1 Rxc1 21. Qxc1 Rc8 22. Qb1 h6 23. Rc1 Qb8 24. h4 Rxc1+ 25. Qxc1 Qc8 26. Qxc8+ Nxc8 27. Bf1 Bxf1 28. Kxf1 Nd6 29. f3 Nf5 30. Kf2 g5 31. hxg5 hxg5 32. Nd3 g4 33. Ne5 gxf3 34. Kxf3 Bd6 1/2-1/2

[Event "Panama Caribe-ch (Women)"]
[Site "Panama"]
[Date "2019.08.18"]
[Round "7"]
[White "Barria Baker, Raisa Melissa"]
[Black "Carrillo Marval, Maria Angelica"]
[Result "1-0"]
[WhiteElo "2001"]
[BlackElo "1727"]
[PlyCount "73"]
[EventDate "2019.08.14"]
[EventType "swiss"]
[EventRounds "9"]
[EventCountry "PAN"]
[SourceTitle "EXT 2020"]
[Source "ChessBase"]
[SourceDate "2019.10.17"]
[SourceVersion "1"]
[SourceVersionDate "2019.10.17"]
[SourceQuality "1"]

1. d4 Nf6 2. Nf3 d5 3. c4 e6 4. Nc3 c6 5. Bg5 Nbd7 6. e3 Qa5 7. Nd2 Bb4 8. Qc2 dxc4 9. Bxf6 Nxf6 10. Nxc4 Qd8 11. Bd3 b6 12. Ne5 Bb7 13. 0-0 0-0 14. Ne4 Nd5 15. a3 Be7 16. Ng3 f5 17. Nxc6 Qe8 18. Ne5 Bd6 19. Nf3 Bxg3 20. hxg3 Qh5 21. Ne5 g5 22. e4 Rac8 23. Qd2 Ne7 24. Nd7 Rf7 25. e5 Nd5 26. Nf6+ Nxf6 27. exf6 Rxf6 28. f3 Rh6 29. Kf2 g4 30. Rh1 Qxh1 31. Rxh1 Rxh1 32. fxg4 Rh2 33. Bf1 Rh1 34. gxf5 Rf8 35. Qg5+ Kh8 36. f6 Rg8 37. Qe5 1-0

[Event "Panama Caribe-ch (Women)"]
[Site "Panama"]
[Date "2019.08.17"]
[Round "6"]
[White "Mantilla Gras, Geydis de la C"]
[Black "Barria Baker, Raisa Melissa"]
[Result "1-0"]
[WhiteElo "1983"]
[BlackElo "2001"]
[PlyCount "79"]
[EventDate "2019.08.14"]
[EventType "swiss"]
[EventRounds "9"]
[EventCountry "PAN"]
[SourceTitle "EXT 2020"]
[Source "ChessBase"]
[SourceDate "2019.10.17"]
[SourceVersion "1"]
[SourceVersionDate "2019.10.17"]
[SourceQuality "1"]

1. e4 e6 2. d4 d5 3. Nd2 Nf6 4. e5 Nfd7 5. Bd3 c5 6. c3 Nc6 7. Ne2 Be7 8. 0-0 0-0 9. Nf3 cxd4 10. cxd4 f5 11. g3 Rf7 12. h4 h6 13. h5 b6 14. Nf4 Nf8 15. Kg2 Nh7 16. Ng6 Bg5 17. Nxg5 Nxg5 18. Bb5 Bb7 19. Bxc6 Bxc6 20. Bd2 Ne4 21. f3 Nxd2 22. Qxd2 Rc8 23. Rfc1 Rfc7 24. Rc3 Be8 25. Rxc7 Qxc7 26. Nf4 Bf7 27. Kf2 Qc2 28. Rd1 Kf8 29. Ke3 Ke7 30. Qb4+ Ke8 31. Rd2 Qc1 32. Ne2 Qh1 33. Qa4+ Kf8 34. Rc2 Re8 35. Rc1 Qxh5 36. Qxa7 Qg5+ 37. Kf2 Re7 38. Qa3 h5 39. f4 Qg4 40. Rc7 1-0

[Event "American Continental (Women) 11th"]
[Site "Envigado"]
[Date "2018.11.20"]
[Round "6"]
[White "Toro Castaneda, Elizabeth"]
[Black "Barria Baker, Raisa Melissa"]
[Result "1/2-1/2"]
[WhiteElo "1932"]
[BlackElo "1941"]
[PlyCount "48"]
[EventDate "2018.11.17"]
[EventType "swiss"]
[EventRounds "9"]
[EventCountry "COL"]
[SourceTitle "CBM 187 Extra"]
[Source "ChessBase"]
[SourceDate "2018.11.04"]
[SourceVersion "1"]
[SourceVersionDate "2018.11.04"]
[SourceQuality "1"]

1. e4 e6 2. d4 d5 3. Nc3 dxe4 4. Nxe4 Bd7 5. Nf3 Bc6 6. Bd3 Nd7 7. Bf4 Be7 8. Qe2 Ngf6 9. 0-0-0 Bxe4 10. Bxe4 Nxe4 11. Qxe4 c6 12. Rhe1 Nf6 13. Qd3 0-0 14. Ng5 h6 15. Ne4 Nd5 16. Bd2 b5 17. Qg3 Qc7 18. Qxc7 Nxc7 19. Bf4 Nd5 20. Bd6 Bxd6 21. Nxd6 a5 22. c3 Ra7 23. Ne4 Rb8 24. Kc2 Kf8 1/2-1/2

[Event "Olympiad Women-43"]
[Site "Batumi"]
[Date "2018.10.02"]
[Round "8.1"]
[White "Gemota, Joan"]
[Black "Barria Baker, Raisa Melissa"]
[Result "0-1"]
[WhiteElo "1346"]
[BlackElo "1962"]
[PlyCount "104"]
[EventDate "2018.09.24"]
[EventType "team-swiss"]
[EventRounds "11"]
[EventCountry "GEO"]
[SourceTitle "EXT 2020"]
[Source "ChessBase"]
[SourceDate "2019.10.17"]
[SourceVersion "1"]
[SourceVersionDate "2019.10.17"]
[SourceQuality "1"]
[WhiteTeam "Palau (W)"]
[BlackTeam "Panama (W)"]
[WhiteTeamCountry "PAL"]
[BlackTeamCountry "PAN"]

1. e4 e6 2. Nc3 d5 3. e5 c5 4. Nf3 Nc6 5. a3 Nge7 6. d3 Ng6 7. Qe2 Qc7 8. Nb5 Qa5+ 9. Nc3 d4 10. Bd2 dxc3 11. Bxc3 Qc7 12. d4 cxd4 13. Bd2 Bd7 14. g3 Ngxe5 15. Bg2 Nxf3+ 16. Qxf3 Qe5+ 17. Kd1 Be7 18. Re1 Qb5 19. Rb1 d3 20. Qxd3 Qxd3 21. cxd3 Nd4 22. Bxb7 Rb8 23. Ba6 Ba4+ 24. Kc1 Nb3+ 25. Kd1 Nc5+ 26. Ke2 Nxa6 27. Kf1 0-0 28. Kg1 Bf6 29. Bf4 Rxb2 30. Rxb2 Bxb2 31. Bc1 Bxc1 32. Rxc1 g5 33. Re1 Rd8 34. Re5 Rd5 35. Re4 Bc6 36. Rc4 Rc5 37. Rxc5 Nxc5 38. d4 Nb3 39. f4 gxf4 40. gxf4 Nxd4 41. h3 Nc2 42. Kh2 Nxa3 43. h4 a5 44. Kg3 a4 45. h5 Nc4 46. Kh4 a3 47. h6 a2 48. f5 a1Q 49. fxe6 Qh1+ 50. Kg5 f6+ 51. Kxf6 Qh4+ 52. Kf5 Be4# 0-1

[Event "Olympiad Women-43"]
[Site "Batumi"]
[Date "2018.09.28"]
[Round "5.42"]
[White "Barria Baker, Raisa Melissa"]
[Black "Shabanaj, Eglantina"]
[Result "0-1"]
[WhiteElo "1962"]
[BlackElo "1953"]
[PlyCount "133"]
[EventDate "2018.09.24"]
[EventType "team-swiss"]
[EventRounds "11"]
[EventCountry "GEO"]
[SourceTitle "EXT 2020"]
[Source "ChessBase"]
[SourceDate "2019.10.17"]
[SourceVersion "1"]
[SourceVersionDate "2019.10.17"]
[SourceQuality "1"]
[WhiteTeam "Panama (W)"]
[BlackTeam "Albania (W)"]
[WhiteTeamCountry "PAN"]
[BlackTeamCountry "ALB"]

1. d4 d5 2. Nf3 Nf6 3. c4 e6 4. Nc3 c5 5. Bg5 Nc6 6. cxd5 exd5 7. e3 Be6 8. Rc1 Be7 9. Be2 0-0 10. 0-0 c4 11. Ne5 Nd7 12. Bxe7 Qxe7 13. Nxd7 Qxd7 14. b3 Rad8 15. bxc4 dxc4 16. Qa4 Qe7 17. Bxc4 Bd7 18. Qd1 Qh4 19. Qc2 Rde8 20. Nb5 Qh6 21. Be2 a6 22. Nc3 Rc8 23. Qb3 b5 24. Ne4 Nxd4 25. Qb2 Rxc1 26. Rxc1 Nxe2+ 27. Qxe2 Bc6 28. Ng3 Bd5 29. Qb2 Qe6 30. Nh5 Qg4 31. Ng3 Bc4 32. h3 Qg6 33. Ne2 Rd8 34. a3 Qe4 35. Ng3 Qg6 36. Qe5 Qd6 37. Qxd6 Rxd6 38. Rc3 g6 39. h4 Rd3 40. Ne4 Rxc3 41. Nxc3 a5 42. f3 b4 43. axb4 axb4 44. Nd1 Kf8 45. Nb2 Bb5 46. Kf2 Ke7 47. Ke1 Kd6 48. Kd2 Kc5 49. g3 Bf1 50. Na4+ Kc4 51. Nb6+ Kb3 52. Nd5 Ka3 53. Nxb4 Kxb4 54. e4 Kc5 55. Ke3 f6 56. f4 Kd6 57. Kd4 Bh3 58. Kc4 h6 59. Kd4 Bg4 60. Kc4 h5 61. Kd4 Be6 62. e5+ fxe5+ 63. fxe5+ Kc6 64. Ke4 Kc5 65. Kf4 Kd5 66. Kg5 Kxe5 67. Kxg6 0-1

[Event "Olympiad Women-43"]
[Site "Batumi"]
[Date "2018.09.24"]
[Round "1.15"]
[White "Peng, Zhaoqin"]
[Black "Barria Baker, Raisa Melissa"]
[Result "1-0"]
[WhiteElo "2367"]
[BlackElo "1962"]
[PlyCount "47"]
[EventDate "2018.09.24"]
[EventType "team-swiss"]
[EventRounds "11"]
[EventCountry "GEO"]
[SourceTitle "EXT 2020"]
[Source "ChessBase"]
[SourceDate "2019.10.17"]
[SourceVersion "1"]
[SourceVersionDate "2019.10.17"]
[SourceQuality "1"]
[WhiteTeam "Netherlands (W)"]
[BlackTeam "Panama (W)"]
[WhiteTeamCountry "NED"]
[BlackTeamCountry "PAN"]

1. e4 e6 2. d4 d5 3. Bd3 b6 4. Nf3 Nf6 5. e5 Nfd7 6. Qe2 c5 7. c4 Ba6 8. 0-0 Nc6 9. cxd5 Bxd3 10. Qxd3 Nb4 11. Qb3 Nxd5 12. Nc3 Nxc3 13. bxc3 Rc8 14. Rd1 c4 15. Qa4 Qc7 16. Rb1 Qc6 17. Qa6 Rd8 18. Bg5 Be7 19. Bxe7 Kxe7 20. Qa3+ Ke8 21. d5 Qb7 22. dxe6 fxe6 23. Qd6 Qc8 24. Qxe6+ 1-0

[Event "San Jose subzonal (Women) 2.3.c"]
[Site "San Jose"]
[Date "2018.03.26"]
[Round "3"]
[White "Barria Baker, Raisa Melissa"]
[Black "Morera Campos, Yanori Maria"]
[Result "1-0"]
[WhiteElo "1967"]
[BlackElo "1940"]
[PlyCount "133"]
[EventDate "2018.03.25"]
[EventType "swiss"]
[EventRounds "9"]
[EventCountry "CRI"]
[SourceTitle "EXT 2019"]
[Source "ChessBase"]
[SourceDate "2018.10.10"]
[SourceVersion "1"]
[SourceVersionDate "2018.10.10"]
[SourceQuality "1"]

1. d4 d5 2. Nf3 Nf6 3. c4 c6 4. Nc3 dxc4 5. a4 Bf5 6. Ne5 e6 7. f3 Nbd7 8. e4 Bg6 9. Nxc4 Nb6 10. Be3 Be7 11. a5 Nxc4 12. Bxc4 0-0 13. 0-0 Qd7 14. Qb3 Rfd8 15. Rfd1 Qc7 16. Kh1 Rd7 17. Ne2 Rad8 18. Bf4 Qc8 19. Rac1 Qa8 20. Kg1 Nh5 21. Be3 Nf6 22. Nf4 Qb8 23. Nd3 Bf8 24. Ne5 Re7 25. a6 Nd7 26. Bf4 Nxe5 27. Bxe5 Qc8 28. Bg3 bxa6 29. Qa2 Red7 30. Bxa6 Qa8 31. Bh4 Be7 32. Bxe7 Rxe7 33. Qc4 Red7 34. Qxc6 Qxc6 35. Rxc6 Kf8 36. Rc8 Rxc8 37. Bxc8 Rc7 38. Ba6 Rc2 39. b3 Ke7 40. Bc4 Ra2 41. d5 exd5 42. Rxd5 a6 43. Rc5 Kd6 44. Rc8 Ke7 45. Ra8 a5 46. Bb5 f5 47. Ba4 fxe4 48. fxe4 Re2 49. Rxa5 Rxe4 50. Kf2 Rb4 51. Ra7+ Kf6 52. Rc7 Bb1 53. Ke3 Re4+ 54. Kd2 Rg4 55. Bc6 Rg5 56. Kc3 Rc5+ 57. Kd4 Rc1 58. b4 Ba2 59. b5 Rc4+ 60. Kd5 Rh4+ 61. Kc5 Rxh2 62. b6 Rh5+ 63. Kd6 Rh4 64. b7 Rd4+ 65. Kc5 Rc4+ 66. Kb6 Rb4+ 67. Bb5 1-0

[Event "American Continental 13th"]
[Site "Medellin"]
[Date "2017.06.15"]
[Round "8"]
[White "Barria Baker, Raisa Melissa"]
[Black "Romero Barreto, Jaime Jose"]
[Result "0-1"]
[WhiteElo "1971"]
[BlackElo "2266"]
[PlyCount "64"]
[EventDate "2017.06.10"]
[EventType "swiss"]
[EventRounds "11"]
[EventCountry "COL"]
[SourceTitle "CBM 178 Extra"]
[Source "ChessBase"]
[SourceDate "2017.06.22"]
[SourceVersion "1"]
[SourceVersionDate "2017.06.22"]
[SourceQuality "1"]

1. d4 Nf6 2. Nf3 g6 3. c4 Bg7 4. Nc3 0-0 5. e4 d6 6. h3 Nbd7 7. Be3 e5 8. d5 Nc5 9. Nd2 a5 10. Be2 Ne8 11. Nb3 b6 12. Qd2 f5 13. exf5 gxf5 14. Bg5 Bf6 15. Bxf6 Qxf6 16. 0-0-0 a4 17. Nxc5 dxc5 18. g4 Nd6 19. g5 Qg7 20. Rdg1 Ba6 21. Nb5 Bxb5 22. cxb5 a3 23. h4 axb2+ 24. Qxb2 Ra4 25. h5 Rd4 26. h6 Qf7 27. Bh5 Qxd5 28. Rh3 Ra8 29. a3 Nc4 30. Qa2 Rd2 31. Bf7+ Kxf7 32. g6+ hxg6 0-1

[Event "American Continental 13th"]
[Site "Medellin"]
[Date "2017.06.13"]
[Round "5"]
[White "Benitez Rodriguez, Carlos"]
[Black "Barria Baker, Raisa Melissa"]
[Result "1-0"]
[WhiteElo "2144"]
[BlackElo "1971"]
[PlyCount "53"]
[EventDate "2017.06.10"]
[EventType "swiss"]
[EventRounds "11"]
[EventCountry "COL"]
[SourceTitle "CBM 178 Extra"]
[Source "ChessBase"]
[SourceDate "2017.06.22"]
[SourceVersion "1"]
[SourceVersionDate "2017.06.22"]
[SourceQuality "1"]

1. d4 d5 2. c4 c6 3. Nf3 Nf6 4. Nc3 e6 5. Bg5 h6 6. Bh4 Bd6 7. e3 Nbd7 8. cxd5 exd5 9. Bd3 0-0 10. 0-0 Qc7 11. Qc2 Re8 12. Rfc1 g5 13. Bg3 Bxg3 14. hxg3 Qd6 15. Rab1 a5 16. a3 Ng4 17. e4 dxe4 18. Nxe4 Qd5 19. Re1 Ndf6 20. Bc4 Qd8 21. Nxf6+ Nxf6 22. Rxe8+ Nxe8 23. Qg6+ Kh8 24. Qxh6+ Kg8 25. Qg6+ Ng7 26. Qxf7+ Kh8 27. Qg6 1-0

[Event "American Continental 13th"]
[Site "Medellin"]
[Date "2017.06.11"]
[Round "3"]
[White "Madeira, Wagner Martins"]
[Black "Barria Baker, Raisa Melissa"]
[Result "1-0"]
[WhiteElo "2185"]
[BlackElo "1971"]
[PlyCount "73"]
[EventDate "2017.06.10"]
[EventType "swiss"]
[EventRounds "11"]
[EventCountry "COL"]
[SourceTitle "CBM 178 Extra"]
[Source "ChessBase"]
[SourceDate "2017.06.22"]
[SourceVersion "1"]
[SourceVersionDate "2017.06.22"]
[SourceQuality "1"]

1. e4 e6 2. d4 d5 3. Nc3 Nf6 4. Bg5 Be7 5. e5 Nfd7 6. Bxe7 Qxe7 7. Qd2 a6 8. f4 c5 9. Nf3 Nc6 10. 0-0-0 b5 11. dxc5 0-0 12. Bd3 f6 13. exf6 Nxf6 14. Qf2 Nb4 15. Rhe1 Qc7 16. Ne5 Nxd3+ 17. Nxd3 Bd7 18. Qd4 a5 19. f5 b4 20. fxe6 bxc3 21. exd7 cxb2+ 22. Kxb2 Rab8+ 23. Ka1 Qxd7 24. c4 dxc4 25. Qxc4+ Qd5 26. Qxd5+ Nxd5 27. Ne5 Nb4 28. Rd2 Rfe8 29. Ree2 Rb5 30. Nd7 Rc8 31. Rd6 h6 32. a3 Nc6 33. Nb6 Rc7 34. Nd5 Rf7 35. Rxc6 Rf1+ 36. Ka2 Rc1 37. Rb2 1-0

[Event "Olympiad Women-42"]
[Site "Baku"]
[Date "2016.09.06"]
[Round "5.3"]
[White "Stojanovic, Marija R"]
[Black "Barria Baker, Raisa Melissa"]
[Result "1-0"]
[WhiteElo "2127"]
[BlackElo "1961"]
[PlyCount "123"]
[EventDate "2016.09.02"]
[EventType "team-swiss"]
[EventRounds "11"]
[EventCountry "AZE"]
[SourceTitle "CBM 174 Extra"]
[Source "ChessBase"]
[SourceDate "2016.10.10"]
[SourceVersion "1"]
[SourceVersionDate "2016.10.10"]
[SourceQuality "1"]
[WhiteTeam "Montenegro (W)"]
[BlackTeam "Panama (W)"]
[WhiteTeamCountry "MNE"]
[BlackTeamCountry "PAN"]

1. e4 e6 2. d4 d5 3. Nd2 Nf6 4. e5 Nfd7 5. Bd3 Be7 6. Ne2 c5 7. c3 0-0 8. 0-0 b6 9. Nf3 a5 10. Bb1 Nc6 11. Re1 Re8 12. g3 Nf8 13. h4 b5 14. Be3 cxd4 15. cxd4 Ba6 16. Ng5 Rc8 17. Nf4 Bxg5 18. hxg5 Ne7 19. g4 b4 20. Kg2 Neg6 21. Nh5 Bb7 22. f3 Qb6 23. Kg3 Ba6 24. f4 Qb5 25. f5 exf5 26. gxf5 Nxe5 27. dxe5 Rxe5 28. Bd4 Rxe1 29. Qxe1 Re8 30. Qd1 Qb8+ 31. Nf4 Nd7 32. Bd3 Bxd3 33. Qxd3 Ne5 34. Bxe5 Qxe5 35. Rb1 d4 36. Rd1 g6 37. Kg4 Rd8 38. Rd2 gxf5+ 39. Qxf5 Qe1 40. Qd3 a4 41. Re2 Qh1 42. Qe4 Qg1+ 43. Rg2 Qd1+ 44. Qe2 Qb1 45. Qd3 Qe1 46. Nh5 Kf8 47. Nf6 Qe6+ 48. Qf5 d3 49. Qxe6 fxe6 50. Rd2 Kf7 51. Ne4 Kg6 52. Kf4 Rd4 53. Ke5 Rd8 54. Kxe6 Rc8 55. Ke5 Rc2 56. Kf4 a3 57. b3 h6 58. gxh6 Kxh6 59. Ke3 Kg6 60. Kxd3 Rc7 61. Rf2 Rc6 62. Rf6+ 1-0

[Event "Olympiad Women-40"]
[Site "Istanbul"]
[Date "2012.09.05"]
[Round "8.1"]
[White "Barria Baker, Raisa Melissa"]
[Black "Voit, Daria"]
[Result "1/2-1/2"]
[WhiteElo "1946"]
[BlackElo "2294"]
[PlyCount "80"]
[EventDate "2012.08.28"]
[EventType "team-swiss"]
[EventRounds "11"]
[EventCountry "TUR"]
[SourceTitle "CBM 150 Extra"]
[Source "ChessBase"]
[SourceDate "2012.10.19"]
[SourceVersion "1"]
[SourceVersionDate "2012.10.19"]
[SourceQuality "1"]
[WhiteTeam "Panama (W)"]
[BlackTeam "IBCA (W)"]
[WhiteTeamCountry "PAN"]

1. d4 d5 2. c4 c6 3. Nf3 Nf6 4. Nc3 e6 5. e3 Nbd7 6. Qc2 Bd6 7. b3 0-0 8. Be2 Re8 9. 0-0 dxc4 10. bxc4 e5 11. h3 exd4 12. exd4 Nf8 13. Be3 Ng6 14. Rab1 Qa5 15. c5 Bf4 16. Bxf4 Nxf4 17. Rfe1 g6 18. Qb3 Nxe2+ 19. Rxe2 Be6 20. Qb4 Qxb4 21. Rxb4 Re7 22. Reb2 Nd5 23. Nxd5 Bxd5 24. Ne5 b5 25. cxb6 c5 26. b7 Rb8 27. Rb5 Rbxb7 28. Rxb7 Bxb7 29. dxc5 Rxe5 30. Rxb7 Rxc5 31. Rxa7 Rc1+ 32. Kh2 h5 33. h4 Rc3 34. a4 Kg7 35. a5 Ra3 36. a6 Kf6 37. Ra8 Kg7 38. g3 Ra2 39. Kg2 Ra3 40. a7 Kh7 1/2-1/2

[Event "Olympiad Women-40"]
[Site "Istanbul"]
[Date "2012.08.28"]
[Round "1.1"]
[White "Fierro Baquero, Martha Lorena"]
[Black "Barria Baker, Raisa Melissa"]
[Result "1-0"]
[WhiteElo "2384"]
[BlackElo "1946"]
[PlyCount "63"]
[EventDate "2012.08.28"]
[EventType "team-swiss"]
[EventRounds "11"]
[EventCountry "TUR"]
[SourceTitle "CBM 150 Extra"]
[Source "ChessBase"]
[SourceDate "2012.10.19"]
[SourceVersion "1"]
[SourceVersionDate "2012.10.19"]
[SourceQuality "1"]
[WhiteTeam "Ecuador (W)"]
[BlackTeam "Panama (W)"]
[WhiteTeamCountry "ECU"]
[BlackTeamCountry "PAN"]

1. c4 c5 2. g3 Nc6 3. Bg2 Nf6 4. Nc3 d6 5. a3 g6 6. Rb1 a5 7. Nf3 Bg7 8. d3 0-0 9. 0-0 Bg4 10. h3 Bd7 11. Ne1 Rb8 12. Bd2 Kh8 13. Nc2 Ne8 14. b4 b6 15. e3 Qc8 16. Kh2 Ne5 17. Qe2 f5 18. f4 Nc6 19. b5 Nd8 20. e4 e5 21. Nd5 Rf7 22. exf5 Bxf5 23. Nce3 Bd7 24. Bc3 exf4 25. Bxg7+ Nxg7 26. Nxf4 Nde6 27. Nxg6+ Kg8 28. Rxf7 Kxf7 29. Rf1+ Ke8 30. Nf4 Kd8 31. Ned5 Qb7 32. Nxe6+ 1-0